Vybudovali hokejové ihrisko

Bibliographic Details
Main Author: (J. T.) (Author)
Format: Article
Language:Slovak
Subjects:

MARC

LEADER 00000nab a2200000u 4500
001 vtls012232119
003 SK-MaSNL
005 20260303174151.0
008 230612|1967 xo ||||||| ||00 ||slo|
038 |a KEVKJB 
040 |a KEVKJB  |b slo  |e rda 
041 0 |a slo 
043 |a e-xo--- 
044 |a xo  |c SK 
072 7 |a 712  |x Plánovanie krajiny. Parky. Záhrady  |2 konspekt 
080 |a 712.257  |2 2011 
100 1 |a (J. T.)  |4 aut  |9 967451 
245 1 0 |a Vybudovali hokejové ihrisko  |c [autor] (J. T.) 
336 |a text  |b txt  |2 rdacontent 
337 |a bez média  |b n  |2 rdamedia 
338 |a zväzok  |b nc  |2 rdacarrier 
650 0 7 |a športové ihriská  |2 kevkjb  |9 613660 
650 0 7 |a hokej  |2 SNKPH  |9 3232 
651 7 |a Valaliky (Slovensko)  |2 SNKPHgeo  |9 31699 
651 7 |a Košice-okolie (Slovensko : okres)  |2 SNKPHgeo  |9 146743 
773 0 |t Zora východu  |g Roč. 8, č. 4 (1967), s. 4 
852 |a KEVKJB  |b KIS3GCP 
999 |c 2095538  |d 2097468